000 00692nam a2200217 4500
003 OSt
005 20240628080754.0
006 a
008 240628b |||||||| |||| 00| 0 eng d
020 _a9781405127769
040 _aDWCL-Main lib.
_cOC
082 _aCirc. 938 R741a 2011
100 _aRoisman, Joseph
245 _aAncient Greece from Homer to Alexander the evidence /
260 _aUK :
_bWiley-Blackwell,
_cc2011.
300 _axlv,
_b642 p. : ill. ’ maps ;
_c25 cm.
504 _aIncludes bibliographical references & index.
650 _a1. Greece-Civilization-to 146 B.C.-Sources.
650 _a2. Greece-History-To 146 B.C.-Sources.
942 _2ddc
_n0
_cBK-CIRC
_kCirc.
999 _c1613
_d1613